[Event "Weekend Accademia"]
[Site "Roma ITA"]
[Date "1996.??.??"]
[Round "7"]
[White "Piancatelli, Marco"]
[Black "Pierangeli, Andrea"]
[Result "1-0"]
[WhiteElo "1870"]
[BlackElo "1750"]
[PlyCount "123"]
[EventDate "1996.??.??"]

1. e4 c5 2. Nf3 d6 3. d4 cxd4 4. Qxd4 Nc6 5. Bb5 Qb6 6. Qxb6 axb6 7. Be3 Nf6 8.
Nc3 Nd7 9. Nd5 Ra5 10. a4 e6 11. Nxb6 Nxb6 12. Bxb6 Ra8 13. O-O Bd7 14. c3 Be7
15. Rfd1 Nb8 16. Bc7 Bxb5 17. axb5 Rxa1 18. Rxa1 Kd7 19. Bb6 Bd8 20. Bd4 e5 21.
Be3 Kc7 22. Rd1 Nd7 23. Ne1 Nc5 24. Bxc5 dxc5 25. Rd5 c4 26. Rc5+ Kd6 27. Rxc4
Bb6 28. Ra4 Rd8 29. Kf1 Kc5 30. Ke2 Kxb5 31. Rb4+ Kc6 32. Nd3 f6 33. Ra4 Rb8
34. Nb4+ Kd6 35. Nd5 Bd8 36. Kd3 f5 37. f3 fxe4+ 38. Kxe4 Ke6 39. b4 Kd6 40. c4
Bh4 41. Ra2 Bg5 42. Nc3 Ke6 43. Ra5 Bf6 44. Rb5 Rc8 45. Rb6+ Rc6 46. Rxc6+ bxc6
47. b5 cxb5 48. cxb5 Be7 49. Nd5 Bd6 50. Nb6 g6 51. Nc4 Bb8 52. h3 Bc7 53. b6
Bb8 54. g3 h6 55. g4 h5 56. gxh5 gxh5 57. h4 Kd7 58. Nxe5+ Kd6 59. f4 Ke6 60.
Nc4 Kd7 61. Ne5+ Kd6 62. f5 1-0

[Event "Weekend Accademia"]
[Site "Roma ITA"]
[Date "1996.??.??"]
[Round "7"]
[White "Quaglia, Ferdinando"]
[Black "Scipioni, Gaetano"]
[Result "1/2-1/2"]
[WhiteElo "1541"]
[BlackElo "1525"]
[PlyCount "49"]
[EventDate "1996.??.??"]

1. d4 Nf6 2. c4 c5 3. d5 b5 4. cxb5 a6 5. Nc3 axb5 6. Nxb5 d6 7. Nc3 Ba6 8. e4
Bxf1 9. Kxf1 Nbd7 10. Nf3 g6 11. g3 Bg7 12. Kg2 O-O 13. a4 Nb6 14. e5 Nfd7 15.
exd6 exd6 16. Re1 Nf6 17. Bg5 Qd7 18. Bxf6 Bxf6 19. Qc2 Bxc3 20. bxc3 Nxd5 21.
a5 Nf4+ 22. Kg1 Qh3 23. gxf4 Qg4+ 24. Kf1 Qh3+ 25. Kg1 1/2-1/2

[Event "Weekend Accademia"]
[Site "Roma ITA"]
[Date "1996.??.??"]
[Round "7"]
[White "Raccah, Ascer"]
[Black "Simeone, Giulio"]
[Result "1-0"]
[WhiteElo "1528"]
[BlackElo "1654"]
[PlyCount "96"]
[EventDate "1996.??.??"]

1. e4 g6 2. d4 Bg7 3. Bc4 e6 4. Nf3 d5 5. exd5 exd5 6. Bb5+ Bd7 7. Qe2+ Ne7 8.
O-O O-O 9. Bg5 f6 10. Bf4 Re8 11. Nc3 a6 12. Bd3 Nbc6 13. Qd2 Bg4 14. Be2 Qd7
15. h3 Bf5 16. a3 Rac8 17. Rfe1 b5 18. Bd3 Bxd3 19. Qxd3 Na5 20. Nh2 Nc4 21. b3
Nd6 22. Re2 c6 23. Rae1 Nef5 24. Nd1 Rxe2 25. Rxe2 Re8 26. Bxd6 Nxd6 27. Rxe8+
Qxe8 28. Qe3 Qe4 29. Qxe4 Nxe4 30. Kf1 Bf8 31. a4 bxa4 32. bxa4 Nd2+ 33. Ke2
Nc4 34. Ng4 Kf7 35. Nge3 Nb6 36. a5 Nc8 37. c3 Nd6 38. Kd3 Nb7 39. c4 dxc4+ 40.
Nxc4 Bb4 41. Ndb2 Nxa5 42. Nxa5 Bxa5 43. Kc4 Ke6 44. Kc5 Kd7 45. d5 cxd5 46.
Kxd5 Kc7 47. g4 Kb6 48. Nc4+ 48... Kb5 {...} 1-0

[Event "Weekend Accademia"]
[Site "Roma ITA"]
[Date "1996.??.??"]
[Round "7"]
[White "Russo, Massimiliano"]
[Black "Righetti, Gianfranco"]
[Result "1/2-1/2"]
[WhiteElo "1576"]
[BlackElo "1594"]
[PlyCount "64"]
[EventDate "1996.??.??"]

1. e4 e5 2. Nf3 d5 3. d4 dxe4 4. Nxe5 Bd6 5. Bc4 Bxe5 6. Qh5 Qe7 7. dxe5 Nc6 8.
Bg5 g6 9. Bxe7 gxh5 10. Bc5 Nxe5 11. Bd4 Nxc4 12. Bxh8 f6 13. Nc3 Bf5 14. O-O-O
Kf7 15. Rhe1 e3 16. fxe3 Ne7 17. e4 Bg4 18. Rd4 Ne5 19. Bxf6 Kxf6 20. Rf1+ Kg6
21. h3 Be6 22. Ne2 Kg7 23. Nf4 Bc4 24. Rf2 Kh6 25. g4 hxg4 26. hxg4 Nxg4 27.
Rg2 Ne5 28. Rd1 N7g6 29. Rh1+ Kg7 30. Nh5+ Kh8 31. Nf6 Kg7 32. Nh5+ Kh8 1/2-1/2

[Event "Weekend Accademia"]
[Site "Roma ITA"]
[Date "1996.??.??"]
[Round "7"]
[White "Sabatini, Mario"]
[Black "Ciotoli, Patrizio"]
[Result "0-1"]
[WhiteElo "2085"]
[BlackElo "2010"]
[PlyCount "64"]
[EventDate "1996.??.??"]

1. d4 Nf6 2. Nf3 b6 3. e3 Bb7 4. Bd3 g6 5. Nbd2 d5 6. Ne5 Bg7 7. O-O O-O 8. b3
Nbd7 9. f4 e6 10. Bb2 c5 11. Qe2 Ne4 12. Bxe4 dxe4 13. Rad1 cxd4 14. Bxd4 Nxe5
15. fxe5 Qg5 16. Rf4 Bxe5 17. h4 Qxf4 18. exf4 Bxd4+ 19. Kh1 Bf6 20. h5 Rad8
21. Nc4 Rxd1+ 22. Qxd1 Rd8 23. Qe2 Rd5 24. g4 Bc3 25. Ne3 Rd3 26. h6 Bd4 27.
Nf1 Rh3+ 28. Kg2 Rxh6 29. Qc4 Bc5 30. b4 Bd5 31. Qa6 e3+ 32. Kg3 Bxb4 0-1

[Event "Weekend Accademia"]
[Site "Roma ITA"]
[Date "1996.??.??"]
[Round "7"]
[White "Sebasti, Alessandro"]
[Black "Marta, Daniele"]
[Result "0-1"]
[WhiteElo "1564"]
[BlackElo "1732"]
[PlyCount "122"]
[EventDate "1996.??.??"]

1. b4 e5 2. Bb2 f6 3. c3 d5 4. e3 Be6 5. Nf3 Bd6 6. d3 Nh6 7. h3 Nd7 8. Nbd2 c5
9. a3 O-O 10. e4 dxe4 11. Nxe4 Be7 12. d4 exd4 13. cxd4 c4 14. d5 Bf5 15. d6
Bxe4 16. Bxc4+ Kh8 17. dxe7 Qxe7 18. O-O Nb6 19. Bb3 Bg6 20. Re1 Qd8 21. Nd4
Bf7 22. Bc2 Re8 23. Qd3 Bg6 24. Qd1 Bxc2 25. Qxc2 Rc8 26. Rxe8+ Qxe8 27. Qb3
Qe4 28. Nb5 a6 29. Nd6 Qc2 30. Nf7+ Nxf7 31. Qxf7 Qxb2 32. Re1 h6 33. Re8+ Rxe8
34. Qxe8+ Kh7 35. Qe4+ f5 36. Qxf5+ g6 37. Qc5 Nd7 38. Qd5 Qa1+ 39. Kh2 Qe5+
40. Qxe5 Nxe5 41. Kg3 Kg7 42. f4 Nc4 43. a4 Nb2 44. a5 Nd3 45. b5 axb5 46. Kf3
b4 47. Ke3 Nc5 48. Kd4 b3 49. Kc3 Kf6 50. g4 h5 51. Kb2 hxg4 52. hxg4 Ke6 53.
Kc3 Kd5 54. Kb2 Ke4 55. f5 gxf5 56. g5 Ke5 57. Kc3 f4 58. g6 Kf6 59. Kb4 f3 60.
g7 Kxg7 61. Kxc5 b2 0-1

[Event "Weekend Accademia"]
[Site "Roma ITA"]
[Date "1996.??.??"]
[Round "7"]
[White "Simeoni, Matteo"]
[Black "Sarrecchia, Maurizio"]
[Result "1/2-1/2"]
[WhiteElo "1794"]
[BlackElo "1576"]
[PlyCount "74"]
[EventDate "1996.??.??"]

1. e4 e5 2. Nf3 Nf6 3. Nc3 Bb4 4. Nd5 Nxd5 5. exd5 O-O 6. c3 Ba5 7. d4 exd4 8.
Nxd4 d6 9. Be3 Nd7 10. Be2 Nf6 11. Nb3 Bb6 12. Bxb6 axb6 13. O-O Bd7 14. Qd3
Re8 15. Bf3 g6 16. Nd4 Ng4 17. Bxg4 Bxg4 18. Qg3 Be2 19. Rfe1 Bc4 20. Nf5 Bxd5
21. Rxe8+ Qxe8 22. f4 Kh8 23. Re1 Be4 24. Ne3 Qe6 25. c4 c6 26. b3 Rxa2 27. Ng4
f5 28. Qc3+ Kg8 29. Nh6+ Kf8 30. Qh8+ Ke7 31. Qg7+ Kd8 32. Nf7+ Ke8 33. Ng5 Qe7
34. Qg8+ Kd7 35. Nxh7 Rxg2+ 36. Kf1 Rf2+ 37. Kg1 Rg2+ 1/2-1/2

[Event "Weekend Accademia"]
[Site "Roma ITA"]
[Date "1996.??.??"]
[Round "7"]
[White "Tommasini, Enzo"]
[Black "Ragonese, Lucio Rosario"]
[Result "1-0"]
[WhiteElo "2075"]
[BlackElo "1902"]
[PlyCount "43"]
[EventDate "1996.??.??"]

1. d4 d5 2. c4 c6 3. Nc3 Nf6 4. e3 e6 5. Nf3 Nbd7 6. Qc2 dxc4 7. Bxc4 Nb6 8.
Bb3 c5 9. a3 cxd4 10. exd4 Bd7 11. O-O Rc8 12. Qe2 Bc6 13. Ne5 Nfd5 14. Ne4 Be7
15. Qg4 O-O 16. Bh6 Bf6 17. Rfd1 Kh8 18. Bg5 Nd7 19. Rd3 Nxe5 20. dxe5 Bxg5 21.
Nxg5 Nf6 22. Qh3 1-0

[Event "Weekend Accademia"]
[Site "Roma ITA"]
[Date "1996.??.??"]
[Round "7"]
[White "Vannelli, Vittorio"]
[Black "Anella, Sandro"]
[Result "0-1"]
[WhiteElo "1633"]
[BlackElo "1645"]
[PlyCount "90"]
[EventDate "1996.??.??"]

1. d4 e6 2. c4 f5 3. Nc3 Nf6 4. Bg5 Be7 5. Bxf6 Bxf6 6. e4 O-O 7. e5 Be7 8. f4
b6 9. Qf3 Nc6 10. O-O-O Bb7 11. Be2 Qc8 12. d5 Na5 13. Nh3 Ba6 14. b3 Qe8 15.
Nf2 Rd8 16. g4 Ba3+ 17. Kb1 Qe7 18. gxf5 Qb4 19. Ka1 Bxc4 20. Bxc4 Nxc4 21.
dxe6 dxe6 22. Rxd8 Rxd8 23. Rd1 Bb2+ 24. Kb1 Rxd1+ 25. Qxd1 Bxc3 26. Qd8+ Qf8
27. Qxf8+ Kxf8 28. bxc4 exf5 29. Kc2 Bd4 30. Nd3 Be3 31. Kb3 c5 32. a4 a5 33.
Kc2 Ke7 34. h4 Ke6 35. h5 g5 36. hxg6 hxg6 37. Kd1 g5 38. fxg5 Bxg5 39. Ke2 Bd8
40. Kf3 Bc7 41. Kf4 Bb8 42. Kg5 Bxe5 43. Nf2 Bh2 44. Nd1 Ke5 45. Nc3 f4 0-1

[Event "Weekend Accademia"]
[Site "Roma ITA"]
[Date "1996.??.??"]
[Round "7"]
[White "Verrascina, Nicola"]
[Black "Macchia, Giovanni"]
[Result "1-0"]
[WhiteElo "2090"]
[BlackElo "1657"]
[PlyCount "51"]
[EventDate "1996.??.??"]

1. e4 c6 2. d4 d5 3. e5 Bf5 4. h4 e6 5. g4 Be4 6. f3 Bxc2 7. Qxc2 Be7 8. g5 h6
9. f4 hxg5 10. fxg5 Nd7 11. Nf3 c5 12. g6 f6 13. Bb5 Qa5+ 14. Nc3 cxd4 15.
Bxd7+ Kxd7 16. Nxd4 fxe5 17. Nb3 Qc7 18. h5 Nh6 19. Qd3 a6 20. Bxh6 Rxh6 21.
O-O-O Qd6 22. Qh3 Qc6 23. Rxd5+ Ke8 24. Rxe5 Rc8 25. Rxe6 Qc4 26. Qf5 1-0

[Event "Weekend Accademia"]
[Site "Roma ITA"]
[Date "1996.??.??"]
[Round "8"]
[White "Alimonti, Daniele"]
[Black "Russo, Massimiliano"]
[Result "0-1"]
[WhiteElo "1516"]
[BlackElo "1576"]
[PlyCount "36"]
[EventDate "1996.??.??"]

1. f4 e5 2. fxe5 d6 3. exd6 Bxd6 4. Nf3 Bg4 5. g3 Nc6 6. Bg2 Qd7 7. c3 Bh3 8.
O-O Bxg2 9. Kxg2 f6 10. d4 Nh6 11. Bxh6 gxh6 12. e4 O-O-O 13. Qd3 Qg7 14. Nbd2
Ne7 15. Nh4 Rhg8 16. Nc4 Qg4 17. Nxd6+ Rxd6 18. Rf4 Qxf4 0-1

[Event "Weekend Accademia"]
[Site "Roma ITA"]
[Date "1996.??.??"]
[Round "8"]
[White "Anella, Sandro"]
[Black "Almonti, Alessandro"]
[Result "1/2-1/2"]
[WhiteElo "1645"]
[BlackElo "1768"]
[PlyCount "68"]
[EventDate "1996.??.??"]

1. d4 d5 2. e3 Nf6 3. Bd3 g6 4. Nd2 Bg7 5. Ngf3 Bg4 6. h3 Bxf3 7. Nxf3 O-O 8.
c4 c6 9. Qb3 Qb6 10. c5 Qxb3 11. axb3 Nbd7 12. Bd2 Ne4 13. Bc3 Nxc3 14. bxc3 e5
15. Nd2 exd4 16. exd4 Rfe8+ 17. Kd1 Bh6 18. Kc2 Bxd2 19. Kxd2 Nf8 20. c4 Ne6
21. Kc3 Nc7 22. Rhe1 Rxe1 23. Rxe1 Kf8 24. f4 Re8 25. Rxe8+ Kxe8 26. b4 a6 27.
g3 Ke7 28. Be2 h6 29. Bf3 Ke6 30. g4 g5 31. f5+ Ke7 32. Bg2 f6 33. Bf3 Kd7 34.
Bg2 Ke7 1/2-1/2

[Event "Weekend Accademia"]
[Site "Roma ITA"]
[Date "1996.??.??"]
[Round "8"]
[White "Cialdea, Alberto"]
[Black "Raccah, Ascer"]
[Result "1-0"]
[WhiteElo "1900"]
[BlackElo "1528"]
[PlyCount "83"]
[EventDate "1996.??.??"]

1. e4 e5 2. Nf3 Nf6 3. d4 Nxe4 4. Bd3 d5 5. Nxe5 Nd7 6. Qe2 Nxe5 7. Bxe4 dxe4
8. Qxe4 Be7 9. dxe5 O-O 10. O-O Bc5 11. Nc3 Qd4 12. Bf4 Qxe4 13. Nxe4 Bd4 14.
c3 Bb6 15. Rad1 Bf5 16. Ng3 Be6 17. b3 a5 18. Rd2 a4 19. b4 Rfd8 20. Rfd1 c6
21. a3 Bb3 22. Rxd8+ Rxd8 23. Rc1 Bc4 24. Ne4 Bc7 25. Nd6 Bxd6 26. exd6 Rd7 27.
Re1 f6 28. f3 b5 29. Kf2 h5 30. h4 Kf7 31. Ke3 g5 32. hxg5 fxg5 33. Bh2 Rd8 34.
Kd4 Rd7 35. Kc5 Bd5 36. c4 bxc4 37. b5 Rb7 38. bxc6 Bxc6 39. Kxc6 Rb3 40. d7
Rd3 41. Bd6 g4 42. d8=Q 1-0

[Event "Weekend Accademia"]
[Site "Roma ITA"]
[Date "1996.??.??"]
[Round "8"]
[White "Ciotoli, Patrizio"]
[Black "Petruccioli, Antonio"]
[Result "1-0"]
[WhiteElo "2010"]
[BlackElo "2007"]
[PlyCount "113"]
[EventDate "1996.??.??"]

1. e4 c5 2. Nc3 Nc6 3. f4 d6 4. Nf3 e6 5. Bc4 a6 6. a4 Be7 7. O-O Nf6 8. d3 O-O
9. Qe1 d5 10. Bb3 dxe4 11. Nxe4 Nxe4 12. Qxe4 Nd4 13. Nxd4 Qxd4+ 14. Qxd4 cxd4
15. Bd2 b6 16. Bc4 Bd7 17. b4 Rfc8 18. Bb3 Kf8 19. Rae1 Bf6 20. g4 g6 21. Re2
b5 22. a5 Bc6 23. f5 gxf5 24. Bh6+ Ke7 25. Rxf5 Rg8 26. g5 Bg7 27. Rxf7+ Kxf7
28. Rxe6 Bd7 29. Rxa6+ Ke7 30. Rxa8 Rxa8 31. Bxg7 Be6 32. Bxe6 Kxe6 33. Bxd4
Kf5 34. c4 bxc4 35. dxc4 Ke4 36. Bb6 Kd3 37. c5 Kc4 38. c6 Kxb4 39. c7 Kb5 40.
Kg2 Kc6 41. Kg3 Kb7 42. Kg4 Rf8 43. h4 Rf1 44. h5 Kc8 45. g6 hxg6 46. hxg6 Rf8
47. Kg5 Kd7 48. g7 Ra8 49. Kg6 Ke6 50. Bc5 Rc8 51. Bf8 Kd7 52. g8=Q Kxc7 53.
Qc4+ Kd7 54. Qd5+ Kc7 55. Qd6+ Kb7 56. Qb6+ Ka8 57. Qa6+ 1-0

[Event "Weekend Accademia"]
[Site "Roma ITA"]
[Date "1996.??.??"]
[Round "8"]
[White "De Carolis, Maurizio"]
[Black "Buffoni, Luca"]
[Result "1-0"]
[WhiteElo "1555"]
[BlackElo "1708"]
[PlyCount "83"]
[EventDate "1996.??.??"]

1. d4 e5 2. dxe5 Nc6 3. Nf3 Qe7 4. Nbd2 Nxe5 5. Nxe5 Qxe5 6. Nf3 Qe7 7. e3 d6
8. Be2 Nf6 9. c4 g6 10. b3 Bg7 11. Bb2 O-O 12. O-O Bg4 13. h3 Bd7 14. Rc1 Rad8
15. Nd4 d5 16. cxd5 Nxd5 17. Bf3 c6 18. Bxd5 cxd5 19. Rc7 Rb8 20. Qd2 Rfc8 21.
Rfc1 Rxc7 22. Rxc7 Be5 23. Nf5 gxf5 24. Bxe5 Qxe5 25. Rxd7 Rc8 26. Rxb7 a6 27.
Rd7 Kg7 28. Rxd5 Rc1+ 29. Qxc1 Qxd5 30. Qc4 Qd1+ 31. Kh2 Qe1 32. Qd4+ Kg6 33.
f3 h5 34. b4 h4 35. Qf4 Qe2 36. a4 f6 37. e4 Qe1 38. exf5+ Kh7 39. b5 axb5 40.
axb5 Qf2 41. Qc7+ Kh6 42. b6 1-0

[Event "Weekend Accademia"]
[Site "Roma ITA"]
[Date "1996.??.??"]
[Round "8"]
[White "De Vita, Gianni"]
[Black "Barro, Carlo"]
[Result "1-0"]
[WhiteElo "2090"]
[BlackElo "1771"]
[PlyCount "43"]
[EventDate "1996.??.??"]

1. e4 e5 2. Nf3 Nc6 3. Bc4 Bc5 4. c3 Nf6 5. d4 exd4 6. cxd4 Bb4+ 7. Bd2 Qe7 8.
O-O Bxd2 9. Nbxd2 O-O 10. e5 Ne8 11. Re1 Na5 12. Bd3 d5 13. exd6 Qxd6 14. Ne4
Qd8 15. Ng3 Nd6 16. Re5 Nc6 17. Bxh7+ Kxh7 18. Ng5+ Qxg5 19. Rxg5 f5 20. Qh5+
Kg8 21. Qg6 Ne8 22. Re1 1-0

[Event "Weekend Accademia"]
[Site "Roma ITA"]
[Date "1996.??.??"]
[Round "8"]
[White "Donia, Massimiliano"]
[Black "Sabatini, Mario"]
[Result "1-0"]
[WhiteElo "1956"]
[BlackElo "2085"]
[PlyCount "65"]
[EventDate "1996.??.??"]

1. e4 c6 2. d4 d5 3. e5 Bf5 4. Ne2 e6 5. Ng3 Bg6 6. h4 h6 7. h5 Bh7 8. c3 Ne7
9. Bd3 Bxd3 10. Qxd3 Qd7 11. Na3 c5 12. O-O c4 13. Qe2 a6 14. Nc2 Nbc6 15. Ne3
O-O-O 16. b3 b5 17. a4 Qb7 18. axb5 axb5 19. bxc4 bxc4 20. Ba3 Kd7 21. Rfb1 Qc8
22. Bd6 Ng8 23. Ne4 dxe4 24. Nxc4 Nxd4 25. cxd4 Ke8 26. Bxf8 Kxf8 27. Nd6 Qc6
28. Rc1 Qd5 29. Ra7 Nf6 30. Rcc7 Rxd6 31. exd6 Qxd6 32. Rc8+ Ne8 33. Qb5 1-0

[Event "Weekend Accademia"]
[Site "Roma ITA"]
[Date "1996.??.??"]
[Round "8"]
[White "Galdelli, Fabiano"]
[Black "Crucioli, Marco"]
[Result "0-1"]
[WhiteElo "1738"]
[BlackElo "1630"]
[PlyCount "52"]
[EventDate "1996.??.??"]

1. e4 e5 2. Nf3 d6 3. d4 exd4 4. Nxd4 Be7 5. Nc3 Bf6 6. Nd5 c6 7. Nxf6+ Nxf6 8.
Bd3 O-O 9. Nf3 h6 10. O-O Bg4 11. Re1 Nbd7 12. h3 Bh5 13. g4 Bg6 14. e5 dxe5
15. Bxg6 fxg6 16. Be3 Nd5 17. Qe2 e4 18. Nd4 Qe7 19. Qd2 Ne5 20. Qe2 c5 21. Qf1
cxd4 22. Bxd4 Nf3+ 23. Kg2 Nxd4 24. Qc4 Qf7 25. Qxd4 Qf3+ 26. Kf1 e3 0-1

[Event "Weekend Accademia"]
[Site "Roma ITA"]
[Date "1996.??.??"]
[Round "8"]
[White "Galeno, Giorgio"]
[Black "Failli, Riccardo"]
[Result "1-0"]
[WhiteElo "1680"]
[BlackElo "1684"]
[PlyCount "63"]
[EventDate "1996.??.??"]

1. d4 Nf6 2. c4 e6 3. Nc3 Bb4 4. a3 Bxc3+ 5. bxc3 O-O 6. e3 c5 7. Bd3 Na6 8.
Ne2 b6 9. Ng3 Bb7 10. O-O Qc7 11. e4 e5 12. d5 Ne8 13. f4 d6 14. f5 f6 15. Rb1
Bc8 16. Bc2 Bd7 17. Ba4 Kf7 18. h4 Ke7 19. Bxd7 Qxd7 20. Qb3 Kd8 21. Rb2 g6 22.
Rbf2 Kc7 23. Bh6 Rg8 24. Qd1 Qe7 25. fxg6 hxg6 26. Bg5 Rf8 27. h5 Nb8 28. hxg6
Qg7 29. Nh5 Qxg6 30. Bxf6 Nxf6 31. Rxf6 Rxf6 32. Nxf6 1-0

[Event "Weekend Accademia"]
[Site "Roma ITA"]
[Date "1996.??.??"]
[Round "8"]
[White "Luna, Giovanni"]
[Black "Gaudino, Gaetano"]
[Result "1-0"]
[WhiteElo "1564"]
[BlackElo "1585"]
[PlyCount "97"]
[EventDate "1996.??.??"]

1. Nf3 Nf6 2. d4 g6 3. Nc3 Bg7 4. e4 d6 5. Bd3 Nc6 6. Be3 O-O 7. a3 e5 8. d5
Ne7 9. h3 Ne8 10. Qd2 f5 11. Bh6 f4 12. Bxg7 Kxg7 13. h4 h5 14. Ng5 Nf6 15.
O-O-O a6 16. g3 fxg3 17. fxg3 Ng4 18. Rdf1 c5 19. Rxf8 Qxf8 20. Rf1 Nf6 21. Qf2
b5 22. Be2 Bd7 23. Qg2 b4 24. Nb1 Qc8 25. Qf3 Neg8 26. Bc4 Qb7 27. Qb3 Rb8 28.
a4 Rf8 29. Nd2 Nh6 30. Ne6+ Bxe6 31. dxe6 a5 32. Bd5 Qc7 33. Qc4 Nfg4 34. Qa6
Ne3 35. Rf3 Nxd5 36. Rxf8 Kxf8 37. exd5 Ke7 38. Qd3 Nf5 39. c3 Qd8 40. Ne4 Qb6
41. Qd2 Kd8 42. Qg5+ Ne7 43. Qf6 Kc8 44. Qxe7 c4 45. Nxd6+ Kb8 46. Qe8+ Kc7 47.
Qd7+ Kb8 48. Qc8+ Ka7 49. Nb5+ 1-0

[Event "Weekend Accademia"]
[Site "Roma ITA"]
[Date "1996.??.??"]
[Round "8"]
[White "Marta, Daniele"]
[Black "Capezza, Marco"]
[Result "1/2-1/2"]
[WhiteElo "1732"]
[BlackElo "1762"]
[PlyCount "42"]
[EventDate "1996.??.??"]

1. d4 Nf6 2. c4 g6 3. Nc3 Bg7 4. e4 d6 5. Nf3 O-O 6. Be2 e5 7. d5 a5 8. Bg5 Na6
9. Nd2 Qe8 10. b3 h6 11. Bh4 Nh7 12. O-O f5 13. exf5 gxf5 14. Bh5 Qd7 15. f4 e4
16. Rc1 Nf6 17. Bg6 Nc5 18. h3 Nd3 19. Rc2 Nb4 20. Rc1 Nd3 21. Rc2 Nb4 1/2-1/2

[Event "Weekend Accademia"]
[Site "Roma ITA"]
[Date "1996.??.??"]
[Round "8"]
[White "Marzano, Carlo"]
[Black "Franchi, Jose' Maria"]
[Result "1-0"]
[WhiteElo "2160"]
[BlackElo "1876"]
[PlyCount "77"]
[EventDate "1996.??.??"]

1. d4 Nf6 2. Nf3 e6 3. Bg5 c5 4. c3 cxd4 5. cxd4 Qa5+ 6. Nc3 Be7 7. e3 Bb4 8.
Bxf6 gxf6 9. Qb3 d5 10. a3 Nc6 11. Rc1 Be7 12. Be2 Bd7 13. O-O O-O 14. Qxb7
Rfd8 15. Qa6 Qc7 16. Nb5 Qb8 17. Rxc6 Bxc6 18. Qxc6 a6 19. Qc7 axb5 20. Qxe7
Kg7 21. Qb4 Qc7 22. Bxb5 e5 23. dxe5 fxe5 24. Qg4+ Kh8 25. Qf5 Rd6 26. Nxe5 f6
27. Nf3 Rg8 28. g3 Rg6 29. Nd4 Rg5 30. Ne6 Rxf5 31. Nxc7 d4 32. exd4 Rxd4 33.
a4 Rd2 34. b3 Rb2 35. Bc4 h5 36. h4 Re5 37. Nd5 Kg7 38. a5 Ra2 39. a6 1-0

[Event "Weekend Accademia"]
[Site "Roma ITA"]
[Date "1996.??.??"]
[Round "8"]
[White "Melega, Gianluigi"]
[Black "De Blasio, Alessandro"]
[Result "1-0"]
[WhiteElo "1513"]
[BlackElo "1543"]
[PlyCount "49"]
[EventDate "1996.??.??"]

1. g4 d5 2. Bg2 Bxg4 3. c4 e6 4. Qb3 Ne7 5. Qxb7 Nbc6 6. cxd5 Rb8 7. Qa6 exd5
8. Nc3 Nb4 9. Qa4+ Bd7 10. Qd1 d4 11. Na4 Nf5 12. a3 Nc6 13. Qc2 Qf6 14. d3 Be7
15. Nf3 h6 16. h4 Qg6 17. Bh3 Bxh4 18. Rg1 Bxf2+ 19. Kxf2 Qf6 20. Nc5 g5 21.
Nxd7 Kxd7 22. Qc5 Rhe8 23. Bxf5+ Kd8 24. Ke1 Re7 25. Qd5+ 1-0

[Event "Weekend Accademia"]
[Site "Roma ITA"]
[Date "1996.??.??"]
[Round "8"]
[White "Mondello, Gabriele"]
[Black "Farina, Saverio"]
[Result "1/2-1/2"]
[WhiteElo "1789"]
[BlackElo "2170"]
[PlyCount "121"]
[EventDate "1996.??.??"]

1. f4 d5 2. e3 c5 3. Bb5+ Bd7 4. Qe2 e6 5. Nf3 Bxb5 6. Qxb5+ Qd7 7. Qxd7+ Nxd7
8. b3 Ne7 9. Bb2 f6 10. O-O Nc6 11. Na3 a6 12. d3 Bd6 13. c4 Nb4 14. Rfd1 Ke7
15. g3 Rhd8 16. e4 d4 17. Kf2 Rg8 18. Ke2 g5 19. fxg5 fxg5 20. Bc1 g4 21. Nh4
Raf8 22. Bd2 Nc6 23. Rf1 Nde5 24. Nc2 Rxf1 25. Rxf1 Rf8 26. Rxf8 Kxf8 27. Ne1
Bc7 28. a3 Ba5 29. Nc2 Bd8 30. Bf4 Bxh4 31. gxh4 a5 32. b4 axb4 33. axb4 cxb4
34. Nxb4 Nxb4 35. Bxe5 Nc6 36. Bd6+ Kf7 37. Kf2 e5 38. Kg3 Ke6 39. Ba3 h5 40.
h3 gxh3 41. Kxh3 Ne7 42. Kg3 Ng6 43. Bc1 Kd6 44. Bg5 Kc5 45. Kf3 Kb4 46. Ke2
Kc3 47. Bd2+ Kb3 48. Be1 Kc2 49. Bg3 b6 50. Bh2 Kc3 51. Bg3 Kb4 52. Kd2 b5 53.
cxb5 Kxb5 54. Kc2 Kc5 55. Kb3 Kd6 56. Kc4 Nf8 57. Be1 Nd7 58. Bb4+ Ke6 59. Bc5
Nf6 60. Bb6 Ng4 61. Bxd4 1/2-1/2

[Event "Weekend Accademia"]
[Site "Roma ITA"]
[Date "1996.??.??"]
[Round "8"]
[White "Morales, Alessandro"]
[Black "Simeoni, Matteo"]
[Result "0-1"]
[WhiteElo "1540"]
[BlackElo "1794"]
[PlyCount "108"]
[EventDate "1996.??.??"]

1. Nf3 f5 2. d4 Nf6 3. Bg5 e6 4. e3 b6 5. Nbd2 Bb7 6. Bd3 Be7 7. O-O O-O 8. h3
Qe8 9. Ne5 d6 10. Nef3 Nbd7 11. c3 h6 12. Bh4 g5 13. Bg3 g4 14. Ne1 gxh3 15.
gxh3 Kh8 16. Kh2 Rg8 17. Rg1 Nh5 18. Be2 Ndf6 19. Bf3 d5 20. Bxh5 Nxh5 21. Be5+
Nf6 22. Bxf6+ Bxf6 23. Rxg8+ Qxg8 24. Qh5 Kh7 25. Nef3 Qe8 26. Qxe8 Rxe8 27.
Rg1 Rf8 28. Ne5 Bxe5+ 29. dxe5 f4 30. exf4 Rxf4 31. Kg3 Rf5 32. f4 c5 33. Rf1
Ba6 34. Rf2 Rf8 35. Kf3 Bd3 36. Ke3 Bf5 37. Rf3 Rg8 38. Kf2 Rd8 39. Nb3 Bc2 40.
Ke3 Rg8 41. Kf2 Be4 42. Rg3 Rxg3 43. Kxg3 Kg6 44. Nd2 Bd3 45. Nf3 a5 46. a3 b5
47. Nh4+ Kh5 48. Nf3 Be4 49. Nd2 Bf5 50. Nf3 Bc2 51. Ne1 Bd1 52. Nd3 c4 53. Nc5
d4 54. cxd4 54... Bb3 $138 0-1

[Event "Weekend Accademia"]
[Site "Roma ITA"]
[Date "1996.??.??"]
[Round "8"]
[White "Moroni, Marco"]
[Black "Giangregorio, Pasquale"]
[Result "1-0"]
[WhiteElo "1842"]
[BlackElo "1767"]
[PlyCount "55"]
[EventDate "1996.??.??"]

1. e4 c6 2. Nf3 d5 3. Nc3 dxe4 4. Nxe4 Bg4 5. h3 Bf5 6. Ng3 Bd7 7. Bc4 e6 8. d4
Nf6 9. Bg5 Be7 10. c3 Qc7 11. Ne5 c5 12. O-O cxd4 13. cxd4 Nc6 14. Nxc6 Bxc6
15. Bxf6 Bxf6 16. d5 Rd8 17. Nh5 Bxb2 18. Rb1 Bf6 19. Qf3 Bxd5 20. Bxd5 Rxd5
21. Rfc1 Qd7 22. Nxf6+ gxf6 23. Qg3 e5 24. Qg7 Rf8 25. Qxf6 Rg8 26. Re1 Qxh3
27. Rxe5+ Kf8 28. Qe7+ 1-0

[Event "Weekend Accademia"]
[Site "Roma ITA"]
[Date "1996.??.??"]
[Round "8"]
[White "Perotti, Germano"]
[Black "Papetti, Francesco"]
[Result "0-1"]
[WhiteElo "1717"]
[BlackElo "1705"]
[PlyCount "90"]
[EventDate "1996.??.??"]

1. d4 Nf6 2. c4 d5 3. Nf3 Bf5 4. Nc3 c6 5. cxd5 cxd5 6. Qb3 b6 7. e3 e6 8. Bb5+
Nbd7 9. O-O Be7 10. Ne5 O-O 11. Nc6 Qe8 12. Ba6 Nb8 13. Nxe7+ Qxe7 14. Be2 Nc6
15. Qd1 a6 16. Na4 Qb7 17. Bd2 Rfc8 18. f3 Rc7 19. Be1 Nd7 20. Bg3 Rcc8 21. Qd2
Na5 22. Bd3 Nc4 23. Qe2 Bxd3 24. Qxd3 b5 25. b3 Nxe3 26. Qxe3 bxa4 27. bxa4 Rc2
28. Qb3 Qc6 29. Rab1 Rc8 30. a5 h6 31. Qb7 Rxa2 32. Qxc6 Rxc6 33. Rb7 Nf6 34.
Rb6 Rcc2 35. Rxa6 Rxg2+ 36. Kh1 Nh5 37. Ra8+ Kh7 38. Bd6 g5 39. a6 Nf4 40. Bxf4
gxf4 41. Ra1 Rxh2+ 42. Kg1 Rhg2+ 43. Kf1 Raf2+ 44. Ke1 Rxf3 45. a7 Rg1+ 0-1

[Event "Weekend Accademia"]
[Site "Roma ITA"]
[Date "1996.??.??"]
[Round "8"]
[White "Pezzaldi, Roberto"]
[Black "Laudati, Adriano"]
[Result "0-1"]
[WhiteElo "2013"]
[BlackElo "1870"]
[PlyCount "49"]
[EventDate "1996.??.??"]

1. c4 g6 2. Nc3 Bg7 3. g3 d6 4. Bg2 c6 5. d4 Nf6 6. Nf3 O-O 7. O-O Qc7 8. b3
Bg4 9. Bb2 Bxf3 10. Bxf3 Nbd7 11. e3 a6 12. Rc1 Rad8 13. Qe2 Rfe8 14. e4 e5 15.
d5 c5 16. Kg2 Qc8 17. g4 Bh6 18. Rce1 Bf4 19. h4 g5 20. hxg5 Bxg5 21. Bc1 h6
22. Rh1 Nf8 23. Rxh6 Bxh6 24. Bxh6 N6h7 25. Bg5 0-1